Places To Study

There are group study rooms, individual study carrels, computer labs, and other spaces to study in the Libraries.

Reserve A Group Room

Online Resources

Access thousands of eBooks, audiobooks, and online journals from the comfort of your home.

Explore Resources

Events and Workshops

Join our upcoming events and workshops to enhance your skills and knowledge.

View Events

A memory of my grandparents / (Record no. 2770)

MARC details
000 -LEADER
fixed length control field 00785nam a22002297a 4500
003 - CONTROL NUMBER IDENTIFIER
control field OSt
005 - DATE AND TIME OF LATEST TRANSACTION
control field 20251221151834.0
008 - FIXED-LENGTH DATA ELEMENTS--GENERAL INFORMATION
fixed length control field 251221b |||||||| |||| 00| 0 eng d
040 ## - CATALOGING SOURCE
Transcribing agency DCL
082 ## - DEWEY DECIMAL CLASSIFICATION NUMBER
Classification number 921.958
100 0# - MAIN ENTRY--PERSONAL NAME
Personal name Win, Junior
245 10 - TITLE STATEMENT
Title A memory of my grandparents /
Statement of responsibility, etc. Junior Win ; with a preface by Dr. KhinMaung Win.
260 ## - PUBLICATION, DISTRIBUTION, ETC.
Place of publication, distribution, etc. Yangon :
Name of publisher, distributor, etc. Yan Aung Publication House,
Date of publication, distribution, etc. 2015.
300 ## - PHYSICAL DESCRIPTION
Extent 189 pages :
Other physical details Photo ;
Dimensions 26 cm.
500 ## - GENERAL NOTE
General note Includes name index.
600 ## - SUBJECT ADDED ENTRY--PERSONAL NAME
Personal name Khin Myo Chit, Daw,
Dates associated with a name 1915-1999
General subdivision Biography
600 ## - SUBJECT ADDED ENTRY--PERSONAL NAME
Personal name Khin Maung Latt,
Dates associated with a name 1915-1996
General subdivision Biography
650 ## - SUBJECT ADDED ENTRY--TOPICAL TERM
Topical term or geographic name entry element Authors
Chronological subdivision 20th century
Geographic subdivision Myanmar
General subdivision Biography
650 ## - SUBJECT ADDED ENTRY--TOPICAL TERM
Topical term or geographic name entry element Journalists
General subdivision Biography
Geographic subdivision Myanmar
651 ## - SUBJECT ADDED ENTRY--GEOGRAPHIC NAME
Geographic name Myanmar
General subdivision Social life and customs
942 ## - ADDED ENTRY ELEMENTS (KOHA)
Source of classification or shelving scheme Dewey Decimal Classification
Koha item type Short Term
Suppress in OPAC No
Holdings
Withdrawn status Lost status Source of classification or shelving scheme Damaged status Not for loan Collection Accession No. Home library Current library Shelving location Date acquired Total checkouts Full call number Barcode Date last seen Price effective from Koha item type
    Dewey Decimal Classification     English Collection 656 Dhammadhara Dhammadhara English Shelves 21/12/2025   921.958 Wi 656 EB00000656 21/12/2025 21/12/2025 Short Term